LIBRARY & INFORMATION CENTRE, KCAET, TAVANUR

ONLINE PUBLIC ACCESS CATALOGUE (OPAC)

Soil fertility / (Record no. 9489)

MARC details
000 -LEADER
fixed length control field 00499cam a2200217ua 4500
041 ## - LANGUAGE CODE
Language code of text/sound track or separate title eng
082 ## - DEWEY DECIMAL CLASSIFICATION NUMBER
Classification number 631.42
Item number MIL/SO
100 ## - MAIN ENTRY--AUTHOR NAME
Personal name Millar, C E.
245 ## - TITLE STATEMENT
Title Soil fertility /
250 ## - EDITION STATEMENT
Edition statement 1 /
260 ## - PUBLICATION, DISTRIBUTION, ETC. (IMPRINT)
Place of publication London :
Name of publisher John Wiley & Sons ,
Year of publication 1963.
300 ## - PHYSICAL DESCRIPTION
Number of Pages 436 ; .
942 ## - ADDED ENTRY ELEMENTS (KOHA)
Koha item type Books
Holdings
Withdrawn status Lost status Damaged status Home library Current library Date acquired Full call number Accession Number Koha item type
      KAUAET KAUAET 07/04/2012 631.42 5938 Books
      KAUAET KAUAET 07/04/2012 631.42 5937 Books
Withdrawn     KAUAET KAUAET 07/04/2012 631.42 5939 Books
      KAUAET KAUAET 07/04/2012 631.42 21602 Books
free website counter